00500 2200181 4500001002100000005001500021035002000036245007600056100001900132250001700151300003200168700001700200260003300217082000800250084001400258020002200272650002400294INLIS00000000000112320250717055105 a0010-07250000291 aNew Speed Up English 3 :bFor Primary 3 /cRita Kurniawan, Cecille Anca0 aRita Kurniawan aCetakan ke-1 aiv, 87 hlm :bIlus ;c25 cm0 aCecille Anca aJakarta :bYudhistira,c2021 a032 a032 RIT n a978-623-257-160-0 4aBuku Teks Pelajaran